| 000 | 00388nam a2200145Ia 4500 | ||
|---|---|---|---|
| 008 | 240624s9999 xx 000 0 und d | ||
| 041 | _aeng | ||
| 082 | _a330.019 KHA | ||
| 100 | _aKHALIL ELIAS L | ||
| 245 | _aNEW BEHAVIORAL ECONOMICS A TASTE FOR FAI | ||
| 260 |
_c2009 _aUK _bEdward Elgar Publishing Limited |
||
| 300 | _axxii, : 493 : p. : cm. ; 24 | ||
| 365 |
_cBPS _b38 |
||
| 440 | _v3 | ||
| 999 |
_c28131 _d28131 |
||